LDR 00706naa#a2200181#i#450# 001 EN\\bibl\110098 005 20260416172302.4 011 ## _a1994-4683 100 ## _a20240531b2024####ek#y0engy0150####ca 102 ## _aRU 200 1# _aIndividualization in teacher training using personalized professional development tracks _eJournal article 210 1# _aMoscow _cNational State University of Physical Education, Sports and Health named after P.F. Lesgaft _d2024 215 ## _a3 с. 608 ## _aJournal article _2local 675 ## _aМетоды обучения. Формы преподавания. 378.147 _z 700 #1 _aCilickiy _gVitaliy Sergeevich 700 #1 _aNikitina _gElena Yur'evna 856 4# _auchzapiski.lesgaft.spb.ru _u